Lion King Characters by Screen-time - Statistics

General Stats
  • This quiz has been taken 1,062 times
  • The average score is 9 of 11
Answer Stats
Time Character % Correct
43:51 Simba
99%
15:26 Scar
96%
11:43 Mufasa
94%
11:14 Pumbaa
93%
13:42 Nala
92%
12:29 Timon
92%
9:16 Zazu
70%
6:56 Rafiki
68%
4:59 Ed
58%
6:06 Shenzi
46%
6:10 Banzai
41%
No matching quizzes found
Score Distribution
Percent of People with Each Score
Percentile by Number Answered
Your Score History
You have not taken this quiz